Loading...
Elementary statistical methods
| Main Author: | |
|---|---|
| Format: | Printed Book |
| Published: |
New Delhi
Sultan Chand &Sons
2008
|
| Edition: | 17th. |
| Subjects: |
| LEADER | 00496nam a22001577a 4500 | ||
|---|---|---|---|
| 020 | |a 9788180544613 | ||
| 082 | |a 519.5 |b GUP/E | ||
| 100 | |a Gupta, S.P | ||
| 245 | |a Elementary statistical methods | ||
| 250 | |a 17th. | ||
| 260 | |a New Delhi |b Sultan Chand &Sons |c 2008 | ||
| 300 | |a 762p. | ||
| 650 | |a Statistical methods | ||
| 942 | |c BK | ||
| 999 | |c 42128 |d 42128 | ||
| 952 | |0 0 |1 0 |4 0 |6 519_500000000000000_GUPE |7 0 |8 Stack |9 45760 |a KUCL |b KUCL |c Stack |d 2016-10-07 |g 235.00 |l 0 |o 519.5 GUP/E |p 43501 |r 2017-02-14 |w 2016-10-07 |y BK | ||